000 00414cam a2200181ua 4500
001 1621
008 181004n II |||gr||||Z||||||eng
040 _aMAIN
041 _aEnglish
041 _aeng
082 _a320.011 RAO
100 _aRAO , V. VENKATA.
245 _aA HISTORY OF POLITICAL THEORIES
260 _a[s.l]:
_bUNITED PUBLISHERS
300 _c20CM.
653 _aPOLITICAL THEORIES
942 _cBK
999 _c1619
_d1619